000 00332nam a2200145Ia 4500
003 OSt
005 20240321112230.0
008 170523s9999 xx 000 0 und d
020 _a978-9332555167
040 _cIIMTU MEERUT
100 _aMARKAS
245 0 _aDECISION SOPPORT SYSTEM
260 _bTATA MC GRAW HILL
942 _2ddc
_c02
999 _c1739
_d1739